000 00515nam a2200193Ia 4500
003 GCL
008 140319s9999 xx 000 0 eng d
040 _aGCL /
_cGCL
082 0 4 _a944.01
_bD H
100 1 _aDUBY GEORGES
245 1 0 _aHISTOIRE DE LA CIVILISATION FRANCAISE: XVII-XX SIECLE /
_cDUBY GEORGES
700 1 _aMANDROU, ROBERT
260 _a[S.N] :
_bARMAND COLIN EDITEUR ،
_c1984
300 _a545 P
650 0 4 _aCIVILIZATION HISTORY
650 0 4 _aHISTORY
650 0 4 _aFRANCE
942 _2ddc
_cBK
999 _c24717
_d24717